| 000 | 00509nam a2200205Ia 4500 | ||
|---|---|---|---|
| 003 | OSt | ||
| 005 | 20140315104036.0 | ||
| 008 | 140130s9999 xx 000 0 und d | ||
| 020 | _a043979708X | ||
| 050 |
_aPZ 10.3 _b.T3745Po 2006 |
||
| 100 | _aThompson, Lauren | ||
| 245 |
_cLauren Thompson _aPolar bear night / |
||
| 260 |
_bScholastic, _c2006. _aNew York : |
||
| 300 |
_a1 v. (unpaged) : _bcol. ill. ; _c26 cm. |
||
| 440 | _v1 | ||
| 521 | _aG2 | ||
| 526 | _c470 | ||
| 942 |
_cBK _2lcc |
||
| 999 |
_c40444 _d40444 |
||